000 00392nam a2200169Ia 4500
001 6526
003 IN-NITTTR
005 20251114233019.0
008 251113s9999||||xx |||||||||||||| ||eng||
040 _beng
040 _cIN-NITTTR
041 _aeng
082 _a621.3702 S P R
100 _aSIEMENS,
245 0 _aPocket handbook on electrical measurements. /
_cSIEMENS
942 _2ddc
_cBK
999 _c9164
_d9164